000 00341nam a2200133Ia 4500
008 240624s9999 xx 000 0 und d
041 _aeng
082 _a001.4 LUR
100 _aLURY CELIA
245 _aROUTLEDGE HANDBOOK OF INTERDISCIPLINARY
260 _c2018
_aLondon
_bRoutledge
300 _axxiii, 366 p.; 23 cm.
365 _cBPS
_b31
999 _c32068
_d32068